Normal view
MARC view
Entry Topical Term
001 - CONTROL NUMBER
- control field: 21981
003 - CONTROL NUMBER IDENTIFIER
- control field: ARRUPE
005 - DATE AND TIME OF LATEST TRANSACTION
- control field: 20160203144623.0
008 - FIXED-LENGTH DATA ELEMENTS
- fixed length control field: 160203|| aca||aabn | a|a d
040 ## - CATALOGING SOURCE
- Original cataloging agency: ARRUPE
- Transcribing agency: ARRUPE
150 ## - HEADING--TOPICAL TERM
- Topical term or geographic name as entry element: Hunting
- Geographic subdivision: Africa, Central
670 ## - SOURCE DATA FOUND
- Source citation: Work cat.: (ARRUPE): Dunbar-Brunton, James 21980, Big game hunting in Central Africa, 1912